| 000 | 00890nam a22002057a 4500 | ||
|---|---|---|---|
| 999 |
_c13097 _d13097 |
||
| 003 | AR-CdUCM | ||
| 008 | 190411b ||||| |||| 00| 0 spa d | ||
| 040 |
_aMUNICIPALIDAD PROVINCIAL DEL CUSCO _cBIBLIOTECA MUNICIPAL DEL CUSCO |
||
| 082 |
_a910.29 / _bM12 |
||
| 100 |
_aMac Donald Escobedo, Eugenio _931295 |
||
| 245 |
_aUna aproximación al conocimiento turístico : _b(Bibliográfica, su lectura y localización) / |
||
| 260 |
_aMéxico : _bUniversitaria, _c1970. |
||
| 300 |
_a149 páginas ; _c22 cm. |
||
| 505 | _aContenido : Introducción -- Significado de las abreviaturas -- Material de que se dispone en la ciudad de México para la investigación y estudio del turismo -- Fuentes auxiliares para la información turística ... | ||
| 650 |
_aTurismo _94560 |
||
| 650 |
_aConocimientos _919868 |
||
| 650 |
_aEstudios _919800 |
||
| 942 |
_2ddc _cLIBROS |
||
| 945 |
_arah _d11/04/2019 |
||